Statistiken für Spiel des Jahres - Autoren

Klicken Sie hier um das Quiz zu spielen!

Allgemein

  • Dieses Quiz wurde 3 mal gespielt
  • Das Durchschnittsergebnis liegt bei 18 aus 40

Antwortstatistiken

SpielAntwort% Korrekt
AzulMichael Kiesling
100%
Auf Achse | Heimlich & Co.Wolfgang Kramer
100%
El GrandeWolfgang Kramer / Richard Ulrich
100%
Tikal | TorresWolfgang Kramer / Michael Kiesling
100%
KeltisDr. Rainer Knizia
67%
Elfenland | Zug um ZugAlan R. Moon
67%
Thurn und TaxisAndreas Seyfarth / Karen Seyfarth
67%
AlhambraDirk Henn
67%
Adel verpflichtet | Barbarossa und die Rätselmeister | Die Siedler von Catan | Drunter & drüberKlaus Teuber
67%
HanabiAntoine Bauza
67%
CodenamesVlaada Chvátil
67%
CarcassonneKlaus-Jürgen Wrede
67%
ManhattanAndreas Seyfarth
67%
Camel UpSteffen Bogen
67%
Dominion | Kingdom BuilderDonald X. Vaccarino
67%
Mississippi QueenWerner Hodel
33%
FocusSid Sackson
33%
Café InternationalRudi Hoffmann
33%
SagalandAlex Randolph / Michael Matschoss
33%
KingdominoBruno Cathala
33%
Colt ExpressChristophe Raimbault
0%
QwirkleSusan McKinley-Ross
0%
DixitJean-Louis Roubira
0%
Scotland YardWerner Schlegel
0%
Villa PalettiBill Payne
0%
ZoolorettoMichael Schacht
0%
NiagaraThomas Liesching
0%
DampfrossDavid Watts
0%
RummikubEphraim Hertzano
0%
BluffRichard Borg
0%
Um ReifenbreiteBob Bontenbal
0%
Sherlock Holmes Criminal-CabinetAnthony Uruburu
0%
Hase und IgelDavid Parlett
0%

Verteilung der Resultate

Perzentil nach korrekt beantworteten Fragen

Anzahl Personen mit jedem Resultat

Ihre Resultats-Entwicklung

Sie haben dieses Quiz noch nicht gespielt